A carregar...

Software maintenance: effective practices fo geographically distributed enviornments /

Detalhes bibliográficos
Autor principal: Ramesh, Gopalaswamy
Formato: Printed Book
Idioma:English
Publicado em: New Delhi : Tata Mc Graw Hill Publishing Company , 2006.
Assuntos:
LEADER 00797cam a2200217ua 4500
001 2086
005 20191212161456.0
007 ta
008 080723s2006 g b000 u eng u
041 1 |a eng  |h NULL 
082 1 4 |a 005.16  |b RAM 
100 1 |a  Ramesh, Gopalaswamy . 
245 1 0 |a Software maintenance: effective practices fo geographically distributed enviornments /   |c Gopalaswamy Ramesh.  |h Textual Documents 
260 |a New Delhi :   |b Tata Mc Graw Hill Publishing Company ,   |c 2006. 
300 |a NULL ;   |c NULL. 
541 |e 02903  
653 0 |a Software maintenance 
852 0 |t 1  |p DCS02903   |k 005.16  |f 00000  |m RAM 
942 |c BK 
999 |c 238815  |d 238815 
952 |0 0  |1 0  |4 0  |6 005_160000000000000  |7 0  |9 253329  |a DCS  |b DCS  |d 2019-12-12  |f 00000  |l 0  |m 0  |o 005.16  |p DCS02903   |r 2019-12-12  |t 1  |w 2019-12-12  |y BK